000 00467nam a2200169Ia 4500
005 20250508162851.0
008 008 250505s9999 xx 000 0 hin d
037 _aTextual
040 _aFEDL
_beng
_cFEDL
041 _ahin
_2eng
084 _a891.434, NAG
_qFEDL
100 _aNagendra
245 0 _aAshtha ke charan, 2 Bhag
260 _aNew Delhi, India
_bNational Publishing House
942 _cTEXL
_h891.434, NAG
999 _c1379129
_d1379129